Anthropology : (Record no. 128895)

MARC details
000 -LEADER
fixed length control field 00834cam a2200229 a 4500
001 - CONTROL NUMBER
control field vtls003156618
003 - CONTROL NUMBER IDENTIFIER
control field MY-SjTCS
005 - DATE AND TIME OF LATEST TRANSACTION
control field 20200226114223.0
008 - FIXED-LENGTH DATA ELEMENTS--GENERAL INFORMATION
fixed length control field 110218s2011 nyuab 001 0 eng
020 ## - INTERNATIONAL STANDARD BOOK NUMBER
International Standard Book Number 9780078116995 (pbk.)
020 ## - INTERNATIONAL STANDARD BOOK NUMBER
International Standard Book Number 0078116996 (pbk.)
039 #9 - LEVEL OF BIBLIOGRAPHIC CONTROL AND CODING DETAIL [OBSOLETE]
Level of rules in bibliographic description 201102181658
Level of effort used to assign nonsubject heading access points VLOAD
Level of effort used to assign subject headings 201006210916
Level of effort used to assign classification siew_eng
Level of effort used to assign subject headings 201006210916
Level of effort used to assign classification siew_eng
Level of effort used to assign subject headings 201006210909
Level of effort used to assign classification siew_eng
-- 201006011756
-- shuhada
082 04 - DEWEY DECIMAL CLASSIFICATION NUMBER
Classification number 301
Item number KOT 2011
100 1# - MAIN ENTRY--PERSONAL NAME
Personal name Kottak, Conrad Phillip.
9 (RLIN) 2215
245 10 - TITLE STATEMENT
Title Anthropology :
Remainder of title appreciating human diversity /
Statement of responsibility, etc. Conrad Phillip Kottak.
250 ## - EDITION STATEMENT
Edition statement 14th ed.
260 ## - PUBLICATION, DISTRIBUTION, ETC.
Place of publication, distribution, etc. New York :
Name of publisher, distributor, etc. McGraw-Hill,
Date of publication, distribution, etc. c2011.
300 ## - PHYSICAL DESCRIPTION
Extent xxxiv, 648, [38] p. :
Other physical details col. ill., maps ;
Dimensions 28 cm.
504 ## - BIBLIOGRAPHY, ETC. NOTE
Bibliography, etc. note Includes bibliographical references (p. 609-626) and indexes.
650 #0 - SUBJECT ADDED ENTRY--TOPICAL TERM
Topical term or geographic name entry element Anthropology.
9 (RLIN) 1501
920 ## - Programme
Programme SHT : 144831
Holdings
Withdrawn status Lost status Source of classification or shelving scheme Damaged status Not for loan Home library Current library Date acquired Cost, normal purchase price Total Checkouts Barcode Date last seen Date last checked out Copy number Uniform Resource Identifier Cost, replacement price Koha item type Public note
    Dewey Decimal Classification     Taylor's Library-TU Taylor's Library-TU 16/06/2010 369.01 3 5000098197 05/12/2019 02/06/2016 1 Floor 3, Shelf 3 , Side 2, TierNo 4, BayNo 3 369.01 Main Collection SHTEx,70002,03,GR